00779 2200205 4500001002100000005001700021008004100038035002400079040001200103082001100115090002000126100001200146245018700158260010000345300003300445500004100478650002400519850001200543990001800555YOGYA-1212000000009020121207081627.0 ind  0010-121200000000089 aYOPDYOG a371.27 aSk 371.27 Kar H aKARTIKA aHubungan kesiapan siswa menghadapi ujian praktik kejuruan dengan keinginan bekerja secara mandiri kelas II tata boga di Sekolah Menengah Kejuruan Negeri (SMKN 4) Yogyakarta/cKartika aYogyakarta :bFakultas Keguruan dan Ilmu Pendidikan Universitas Sarjanawiyata Tamansiswac2004. axi, 82 lbr. :bilus. ; 30 cm aSkripsi Universitas Sarwi Tamansiswa aPendidikan-evaluasi aYOPDYOG a42249-PD/A.12